|
|
|
|
| LEADER |
00000nam a2200000 a 4500 |
| 001 |
1/126167 |
| 008 |
230217s1999####cy | ||| |||| ||gre|| |
| 040 |
|
|
|a GR-MyUa
|b gre
|c GR-MyUa
|e AACR2
|
| 041 |
0 |
|
|a gre
|
| 082 |
7 |
|
|a 889.08095693
|2 (23)
|
| 245 |
0 |
0 |
|a Νεοφύτου του Εγκλείστου :
|b ποιητική επίκλησις ; η παρουσία του αγίου στη σύγχρονη λογοτεχνία μας /
|c εισαγωγή, επιμέλεια: Φώτης Δημητρακόπουλος.
|
| 260 |
|
|
|a Λευκωσία :
|b Ακτή,
|c 1999.
|
| 300 |
|
|
|a 93 σ. ;
|c 20 εκ.
|
| 504 |
|
|
|a Περιλαμβάνει βιβλιογραφικές παραπομπές.
|
| 650 |
|
0 |
|a Greek literature, Modern
|z Cyprus
|x History and critisism.
|
| 650 |
|
0 |
|a Greek poetry
|z Cyprus
|x Collections.
|
| 650 |
|
0 |
|a Theology
|x Collections
|x Orthodox Eastern authors.
|
| 700 |
1 |
|
|a Δημητρακόπουλος, Φώτης Αρ.,
|d 1949-
|e edt
|e aui
|
| 700 |
0 |
|
|a Νεόφυτος ο Έγκλειστος,
|c Όσιος,
|d 1134-1219.
|
| 852 |
|
|
|a INST
|b RHODES
|e 20230217
|h 889.08095693 ΝΕΟ
|p 005400043409
|q 005400043409
|t BK
|y 0
|
| 970 |
|
|
|z 17-02-2023
|